00481cam a22002051 4500001001300000003000400013005001700017008004100034010001700075035002000092040001800112042001200130050002000142100002700162245002200189260001100211300001800222500001800240999001700258sa 64005826 DLC20260227112035.0890703s1963 ii 000 0 malo  asa 64005826  a(OCoLC)19958725 aDLCcWaUdDLC apremarc00aPL4718.9.M6bO80 aMoidu Padiyath,d1931-10aOssāppeṭṭi. c[1963] a80 p.c18 cm. aIn Malayalam. c59345d59345